Представление документа в формате RUSMARC

ПолеНазваниеЗначение
  Тип записи a
  Библиографический уровень a
001 Контрольный номер RU/CBS_UL/BASE/435921937
005 Дата корректировки 20241122142727.6
100 Данные общей обработки __
a Данные общей обработки 20131024d2013 ||| 0rusy0189 ca
101 Язык документа 0_
a Язык текста rus
102 Страна публикации __
a Страна публикации RU
105 Кодированные данные (монография) __
a Кодированные данные (монография) y###||||000|y
200 Заглавие и сведения об ответственности 1_
a Заглавие Огромное небо поэзии Роберта Рождественского
b Общее обозначение материала Текст
f Первые сведения об ответственности Владимир Алексеевич Морар
300 Общие примечания __
a Общие примечания Ограничения по возрасту - 12+
461 Уровень набора _0
1 2000
a Литература в школе
463 Уровень физической единицы _0
1 001RU/CBS_UL/BASE/435919693
1 2000
a №10
v С.25-29
1 210
d 2013
600 Персоналии _1
a Персоналии (Фамилия) Рождественский
b Персоналии (Имя, инициалы) Р. И.
610 Ключевые слова 0_
a Ключевые слова шестидесятники
610 Ключевые слова 0_
a Ключевые слова поэты
686 Индексы других классификаций __
a Классификационный индекс 83.3(2Рос=Рус)6
2 Код системы ББК
700 Автор _1
a Фамилия Морар
b Имя (инициалы) Владимир Алексеевич
801 Источник записи _0
a Страна RU
b Организация МБУК ЦБС г. Ульяновска
c Дата составления 20131024
g Правила каталогизации RCR
801 Источник записи _1
a Страна RU
b Организация МБУК ЦБС г. Ульяновска
c Дата составления 20131024
g Правила каталогизации RCR
901 Тип документа __
t Тип документа b
w Контрольный № источника RU/CBS_UL/BASE/435919693
910 Корректоры записи __
a Корректор записи Варакина
938 Служебная информация __
a Имя БД period